| 000 | 00594nam a2200229Ia 4500 | ||
|---|---|---|---|
| 003 | OSt | ||
| 005 | 20220930190353.0 | ||
| 006 | a|||||r|||| 00| 0 | ||
| 007 | ta | ||
| 008 | 220926b |||||||| |||| 00| 0 eng d | ||
| 024 | _a66432 | ||
| 037 | _cGeneral Books | ||
| 040 |
_aCRL _cCRL _beng |
||
| 041 |
_2eng _aeng |
||
| 082 | _aV73:21wL43x, K3 | ||
| 100 |
_aJafferson Thomas _9558833 |
||
| 245 | 0 | _aEssential Jefferson ed by Albert Fried | |
| 260 | _c1963 | ||
| 650 | _aHISTORY | ||
| 942 |
_hV73:21wL43x, K3 _cGB _2CC |
||
| 999 |
_c892205 _d892205 |
||